| 000 | 00460nab a2200145Ia 4500 | ||
|---|---|---|---|
| 003 | ES-SlBCS | ||
| 005 | 20210601123944.0 | ||
| 008 | 140529s1977 xxu||||| |||| 00| 0 eng d | ||
| 041 | _aeng | ||
| 100 | 1 |
_aDavis, Lawrence H. _9132447 |
|
| 245 | 0 | 0 |
_aPrisioners, Paradox, and Rationality _c Lawrence H. Davis |
| 650 | 0 | 4 |
_aParadoja del Prisionero _9132448 |
| 773 | 0 |
_tAmerican Philosophical Quarterly _gvol. 14, nº. 4, 1977, págs. 319-327 _wRev1386 |
|
| 942 | _cAR | ||
| 999 |
_c506784 _d506784 |
||